The philosophy of Kant : Immanuel Kant's moral and political writings

Spremljeno u:
Bibliografski detalji
Glavni autor: Kant, Immanuel
Format: Knjiga
Jezik:Undetermined
Izdano: New York Modern Library 1949
Teme:
Oznake: Dodaj oznaku
Bez oznaka, Budi prvi tko označuje ovaj zapis!
Thư viện lưu trữ: Trung tâm Học liệu Trường Đại học Cần Thơ
LEADER 00593nam a2200193Ia 4500
001 CTU_217533
008 210402s9999 xx 000 0 und d
082 |a 193 
082 |b K16 
100 |a Kant, Immanuel 
245 4 |a The philosophy of Kant : 
245 0 |b Immanuel Kant's moral and political writings 
245 0 |c edited, with an introduction, by Carl J. Friedrich 
260 |a New York 
260 |b Modern Library 
260 |c 1949 
650 |a Philosophy, Modern,Triết học, Hiện đại 
904 |i Trúc 
980 |a Trung tâm Học liệu Trường Đại học Cần Thơ